3つ以上の村が合併し名称が変わった村(大正以降) - Statistics

General Stats
  • This quiz has been taken 15 times
  • The average score is 51 of 258
Answer Stats
日付 都道府県 合併前 合併後 町制 % Correct
1954/03/31 耶麻郡 北山村, 大塩村, 檜原村 耶麻郡 北塩原村
45%
耶麻郡 熱塩村, 加納村, 朝倉村の一部 耶麻郡 熱塩加納村
45%
1955/01/05 稲敷郡 十余島村, 本新島村, 伊崎村 稲敷郡 東村 1996年
45%
1954/07/01 比企郡 東吉見村, 南吉見村, 西吉見村, 北吉見村 比企郡 吉見村 1972年
45%
1955/04/01 岩内郡 発足村, 前田村, 小沢村 岩内郡 共和村 1971年
36%
1955/03/31 青森県 北津軽郡西津軽郡 相内村, 脇元村十三村 北津軽郡 市浦村
36%
1955/03/01 岩手県 紫波郡 徳田村, 不動村, 煙山村 紫波郡 矢巾村 1966年
36%
1955/04/01 九戸郡 江刺家村, 伊保内村, 戸田村 九戸郡 九戸村
36%
胆沢郡 小山村, 南都田村, 若柳村 胆沢郡 胆沢村 1967年
36%
東磐井郡 折壁村, 矢越村, 大津保村の一部 東磐井郡 室根村
36%
1956/09/30 気仙郡 綾里村, 越喜来村, 吉浜村 気仙郡 三陸村 1967年
36%
岩手郡 大更村, 田頭村, 平館村, 寺田村 岩手郡 西根村 1961年
36%
1955/03/01 秋田県 由利郡 東滝沢村, 西滝沢村, 鮎川村 由利郡 由利村 1960年
36%
1955/04/01 山本郡 下岩川村, 金岡村, 森岳村 山本郡 山本村 1962年
36%
飽海郡 田沢村, 北俣村, 南平田村 飽海郡 平田村 1964年
36%
安達郡 油井村, 渋川村, 上川崎村 安達郡 安達村 1960年
36%
岩瀬郡 広戸村, 牧本村, 湯本村, 大里村 岩瀬郡 天栄村
36%
新治郡 下大津村, 美並村, 牛渡村, 佐賀村, 安飾村, 志士庫村 新治郡 出島村 1997年
36%
稲敷郡 根本村, 柴崎村, 太田村 稲敷郡 新利根村 1996年
36%
1955/05/03 稲敷郡 生板村, 源清田村, 長竿村 稲敷郡 河内村 1996年
36%
1955/07/22 新治郡 栄村, 九重村, 栗原村 新治郡 桜村
36%
1957/03/31 塩谷郡 船生村, 大宮村, 玉生村 塩谷郡 塩谷村 1965年
36%
1956/09/28 南埼玉郡 八幡村, 潮止村, 八条村の一部 南埼玉郡 八潮村 1964年
36%
1955/04/01 三豊郡 辻村, 河内村, 財田大野村, 神田村 三豊郡 山本村 1957年
36%
1956/09/30 佐賀郡小城郡 小関村南山村, 北山村 佐賀郡 富士村 1966年
36%
1955/01/01 大野郡 牧口村, 合川村, 白山村 大野郡 清川村
36%
1915/04/01 北海道 河西郡 上帯広村, 幸震村, 売買村 河西郡 大正村
27%
1955/01/15 歌棄郡寿都郡 熱郛村黒松内村, 樽岸村の一部 寿都郡 三和村 1959年
27%
紫波郡 見前村, 飯岡村, 乙部村 紫波郡 都南村
27%
和賀郡 横川目村, 岩崎村, 藤根村 和賀郡 和賀村 1956年
27%
仙北郡河辺郡 荒川村, 峰吉川村, 淀川村船岡村 仙北郡 協和村 1969年
27%
1956/09/30 河辺郡 種平村, 戸米川村, 大正寺村 河辺郡 雄和村 1972年
27%
由利郡 岩谷村, 下川大内村, 上川大内村 由利郡 大内村 1970年
27%
1954/08/01 山形県 東田川郡 大泉村, 本郷村, 東村 東田川郡 朝日村
27%
1955/01/01 東田川郡西田川郡 横山村, 押切村東郷村 東田川郡 三川村 1968年
27%
1955/02/01 西白河郡 古関村, 金山村, 社村 西白河郡 表郷村
27%
1955/02/11 石城郡 沢渡村, 三阪村, 永戸村 石城郡 三和村
27%
1955/03/01 信夫郡 大森村, 平田村, 鳥川村 信夫郡 信夫村
27%
河沼郡耶麻郡 新郷村, 千咲村, 高寺村山郷村 河沼郡 高郷村
27%
大沼郡 川口村, 本名村, 沼沢村, 横田村 大沼郡 金山村 1958年
27%
1954/03/20 茨城県 新治郡 志筑村, 新治村, 七会村 新治郡 千代田村 1992年
27%
1954/07/01 筑波郡 豊村, 小張村, 谷井田村, 三島村 筑波郡 伊奈村 1985年
27%
1954/12/01 真壁郡 古里村, 新治村, 小栗村 真壁郡 協和村 1964年
27%
1955/01/01 結城郡 宗道村, 大形村, 蚕飼村 結城郡 千代川村
27%
結城郡
真壁郡
西豊田村, 中結城村, 安静村, 下結城村
川西村
結城郡 八千代村 1972年
27%
猿島郡結城郡 幸島村, 八俣村名崎村 猿島郡 三和村 1969年
27%
1955/03/01 筑波郡北相馬郡 谷原村, 十和村, 福岡村小絹村 筑波郡 谷和原村
27%
1955/03/03 鹿島郡 夏海村, 大谷村, 諏訪村 鹿島郡 旭村
27%
1955/03/31 東茨城郡 中妻村, 下中妻村, 鯉淵村の一部 東茨城郡 内原村 1965年
27%
東茨城郡 下大野村, 稲荷村, 大場村 東茨城郡 常澄村
27%
1955/04/01 行方郡 武田村, 津澄村, 要村 行方郡 北浦村 1997年
27%
稲敷郡 安中村, 木原村, 舟島村の一部 稲敷郡 美浦村
27%
東茨城郡 上中妻村, 河和田村の一部, 山根村の一部 東茨城郡 赤塚村
27%
1955/04/15 久慈郡 郡戸村, 久米村, 金郷村, 金砂村 久慈郡 金砂郷村 1993年
27%
1955/07/27 新治郡 藤沢村, 斗利出村, 山ノ荘村 新治郡 新治村
27%
1955/03/15 甘楽郡 尾沢村, 月形村, 磐戸村 甘楽郡 南牧村
27%
1955/03/31 邑楽郡 富永村, 永楽村, 長柄村 邑楽郡 千代田村 1982年
27%
1954/05/03 児玉郡 七本木村, 神保原村, 長幡村, 賀美村 児玉郡 上里村 1971年
27%
北葛飾郡 川辺村, 南桜井村, 富多村, 宝珠花村 北葛飾郡 庄和村 1964年
27%
1954/10/01 児玉郡 東児玉村, 松久村, 大沢村 児玉郡 美里村 1984年
27%
1955/02/11 比企郡秩父郡 明覚村, 平村大椚村 比企郡 都幾川村
27%
1956/09/30 入間郡北足立郡 鶴瀬村, 南畑村水谷村 入間郡 富士見村 1964年
27%
北葛飾郡 東和村, 彦成村, 早稲田村 東葛飾郡 三郷村 1964年
27%
1953/11/03 長生郡 八積村, 高根村, 一松村 長生郡 長生村
27%
1919/11/01 北多摩郡 清水村, 高木村, 奈良橋村, 蔵敷村, 芋窪村, 狭山村 北多摩郡 大和村 1954年
27%
1928/01/01 北多摩郡 郷地村, 福島村, 築地村, 中神村, 大神村, 宮沢村, 上川原村, 田中村 北多摩郡 昭和村 1941年
27%
1946/10/01 神着村, 伊豆村, 伊ヶ谷村 三宅村
27%
1954/10/01 三根村, 樫立村, 中之郷村, 末吉村, 鳥打村 八丈村 1955年
27%
1915/08/15 鎌倉郡 俣野村, 富士見村, 長尾村の一部 鎌倉郡 大正村
27%
1954/10/01 岩船郡 館腰村, 三面村, 高根村, 猿沢村, 塩野町村 岩船郡 朝日村
27%
1954/12/01 東蒲原郡 上条村, 西川村, 東川村 東蒲原郡 上川村
27%
1955/1/10 岩船郡 神納村, 平林村, 西神納村 岩船郡 神林村
27%
1955/03/01 南蒲原郡 長沢村, 森町村, 鹿峠村 南蒲原郡 下田村
27%
岩船郡 黒川俣村, 八幡村, 大川谷村, 中俣村, 下海府村 岩船郡 山北村 1965年
27%
1955/10/01 中頸城郡 里五十公野村, 上杉村, 美守村 中頸城郡 三和村
27%
1956/04/01 南魚沼郡 東村, 大崎村, 浦佐村, 藪神村 南魚沼郡 大和村 1962年
27%
1941/02/11 東山梨郡東八代郡 鶴瀬村, 初鹿野村日影村, 田野村, 木賊村 東山梨郡 大和村
27%
1954/06/01 長野県 南安曇郡 温村, 明盛村, 小倉村 南安曇郡 三郷村
27%
1955/03/28 郡上郡 山田村, 弥富村, 西川村 郡上郡 大和村 1985年
27%
浜名郡 北庄内村, 南庄内村, 村櫛村 浜名郡 庄内村
27%
1954/10/01 三重県 安濃郡 辰水村, 長野村, 高宮村 安濃郡 美里村
27%
1955/01/15 安濃郡 草生村, 村主村, 安濃村, 明合村 安濃郡 協和村
27%
1955/04/03 員弁郡 東藤原村, 西藤原村, 白瀬村, 立田村, 中里村 員弁郡 藤原村 1967年
27%
1951/04/01 船井郡 檜山村, 梅田村, 三ノ宮村, 質美村 船井郡 瑞穂村 1955年
27%
1955/03/31 天田郡 菟原村, 細見村, 川合村 天田郡 三和村 1956年
27%
1915/01/01 奈良県 南葛城郡 櫛羅村, 東松本村, 竹田村, 鎌田村, 小林村, 楢原村, 三室村, 西松本村 南葛城郡 大正村
27%
1956/07/03 高市郡 阪合村, 高市村, 飛鳥村 高市郡 明日香村
27%
1959/04/01 吉野郡 白銀村, 賀名生村, 宗檜村 吉野郡 西吉野村
27%
1954/12/01 和歌山県 日高郡 上南部村, 高城村, 清川村 日高郡 南部川村
27%
1956/09/30 西牟婁郡 三川村, 富里村, 鮎川村 西牟婁郡 大塔村
27%
1954/10/01 那賀郡邑智郡 今市村, 木田村, 和田村, 都川村桜江村の一部 那賀郡 旭村 1958年
27%
1957/03/10 邑智郡 都賀行村, 都賀村, 布施村の一部 邑智郡 大和村
27%
1912/10/01 広島県 甲奴郡 太郎丸村, 知和村, 安田村, 抜湯村, 有田村 甲奴郡 上川村
27%
1913/02/01 芦品郡 木野山村, 行縢村, 桑木村 芦品郡 大正村
27%
1943/11/03 山口県 熊毛郡 岩田村, 三輪村, 塩田村, 束荷村 熊毛郡 大和村 1971年
27%
1955/01/01 徳島県 麻植郡 東山村の一部, 中枝村の一部, 三山村の一部 麻植郡 美郷村
27%
越智郡 鴨部村, 鈍川村, 龍岡村, 九和村 越智郡 玉川村 1962年
27%
1931/10/01 福岡県 三池郡 岩田村, 二川村, 江浦村 三池郡 高田村 1958年
27%
1955/01/01 糸島郡 可也村, 桜野村, 小富士村, 芥屋村 糸島郡 志摩村 1965年
27%
糸島郡 深江村, 一貴山村, 福吉村 糸島郡 二丈村 1965年
27%
早良郡 内野村, 脇山村, 入部村 早良郡 早良村 1956年
27%
1932/04/01 佐賀県 杵島郡 小田村, 山口村, 佐留志村 杵島郡 江北村 1952年
27%
1955/04/01 神埼郡 城田村, 境野村, 千歳村, 蓮池町の一部 神埼郡 千代田村 1965年
27%
1955/04/16 佐賀郡 春日村, 川上村, 松梅村 佐賀郡 大和村 1959年
27%
鹿本郡 岳間村, 岩野村, 広見村 鹿本郡 鹿北村 1963年
27%
1954/10/01 八代郡 柿迫村, 栗木村, 久連子村, 椎原村, 仁田尾村, 葉木村, 樅木村, 下岳村 八代郡 泉村
27%
1955/04/01 鹿本郡菊池郡 内田村, 六郷村城北村 鹿本郡 菊鹿村 1965年
27%
1961/04/01 八代郡葦北郡 上松求麻村, 下松求麻村百済来村 八代郡 坂本村
27%
2005/02/13 阿蘇郡 白水村, 久木野村, 長陽村 阿蘇郡 南阿蘇村
27%
1954/03/31 下毛郡 深秣村, 山口村, 真坂村 下毛郡 三光村
27%
1954/11/01 大分郡 東庄内村, 西庄内村, 南庄内村, 阿南村, 阿蘇野村 大分郡 庄内村 1955年
27%
1956/02/01 南海部郡 明治村, 上野村, 切畑村 南海部郡 昭和村
27%
1946/04/01 沖縄県 島尻郡 真壁村, 喜屋武村, 摩文仁村 島尻郡 三和村
27%
1954/07/01 宮城県 黒川郡 粕川村, 大谷村, 大松沢村 黒川郡 大郷村 1959年
18%
1955/03/31 由利郡 直根村, 川内村, 笹子村 由利郡 鳥海村 1980年
18%
1954/10/01 西置賜郡 豊原村, 添川村, 豊川村 西置賜郡 飯豊村 1958年
18%
1940/11/05 南会津郡 小梁村, 八幡村, 布沢村 南会津郡 明和村
18%
1942/04/01 大沼郡 西川村, 原谷村, 三谷村 大沼郡 宮下村
18%
1955/01/01 安達郡 針道村, 木幡村, 戸沢村, 太田村 安達郡 東和村 1960年
18%
1956/09/30 信夫郡 野田村, 大庭村, 水保村 信夫郡 吾妻村 1962年
18%
1955/02/11 東茨城郡 圷村, 岩船村, 沢山村 東茨城郡 桂村
18%
1955/03/16 猿島郡 勝鹿村, 岡郷村, 桜井村, 香取村 猿島郡 総和村 1968年
18%
1956/09/30 下都賀郡 瑞穂村, 水代村, 富山村 下都賀郡 大平村 1961年
18%
1955/03/01 群馬県 邑楽郡 千江田村, 梅島村, 佐貫村 邑楽郡 明和村 1998年
18%
1954/03/31 北埼玉郡 屈巣村, 広田村, 共和村 北埼玉郡 川里村 2001年
18%
1955/01/01 北埼玉郡 東村, 原道村, 元和村, 豊野村 北埼玉郡 大利根村 1971年
18%
1956/04/01 北足立郡 野田村, 大門村, 戸塚村 北足立郡 美園村
18%
1953/05/01 千葉県 安房郡 稲都村, 滝田村, 国府村 安房郡 三芳村
18%
1954/01/15 市原郡 高滝村, 富山村, 里見村, 白鳥村 市原郡 加茂村
18%
1917/04/01 東京都 北多摩郡 中藤村, 三ツ木村, 岸村 北多摩郡 村山村 1954年
18%
1923/04/01 足柄上郡 川西村, 谷ヶ村, 山市場村 足柄上郡 清水村
18%
中頸城郡 関山村, 大鹿村, 豊葦村, 原通村の一部 中頸城郡 妙高村
18%
1956/03/31 古志郡 種苧原村, 太田村, 竹沢村, 東竹沢村 古志郡 山古志村
18%
1933/05/15 石川県 羽咋郡 北邑知村, 中邑知村, 若部村 羽咋郡 邑知村 1940年
18%
1954/01/01 福井県 南条郡 南日野村, 北杣山村, 南杣山村 南条郡 南条村 1964年
18%
1955/02/11 足羽郡大野郡 下宇坂村, 上宇坂村羽生村, 芦見村, 上味見村, 下味見村 足羽郡 美山村 1964年
18%
1955/03/31 足羽郡 酒生村, 一乗谷村, 上文殊村, 下文殊村, 六条村 足羽郡 足羽村 1960年
18%
坂井郡 鶉村, 本郷村, 棗村, 鷹巣村 坂井郡 川西村 1957年
18%
坂井郡 東十郷村, 兵庫村, 大関村 坂井郡 坂井村 1961年
18%
中巨摩郡 小井川村, 花輪村, 忍村 中巨摩郡 田富村 1968年
18%
1941/04/01 東八代郡 南八代村, 北八代村, 高家村, 岡村, 増田村 東八代郡 八代村
18%
1941/08/01 東八代郡 上芦川村, 中芦川村, 鶯宿村 東八代郡 芦川村
18%
1951/04/01 西八代郡 落居村, 岩間村, 楠甫村, 宮原村, 葛籠沢村, 鴨狩津向村 西八代郡 六郷村 1954年
18%
1955/03/01 北巨摩郡 上手村, 小笠原村, 朝神村 北巨摩郡 明野村
18%
1955/02/01 下高井郡 穂高村, 往郷村, 上木島村 下高井郡 木島平村
18%
東筑摩郡 会田村, 錦部村, 中川村, 五常村 東筑摩郡 四賀村
18%
北佐久郡 芦田村, 横鳥村, 三都和村 北佐久郡 立科村 1958年
18%
1958/04/01 北安曇郡 南小谷村, 中土村, 北小谷村 北安曇郡 小谷村
18%
2005/10/11 東筑摩郡 本城村, 坂北村, 坂井村 東筑摩郡 筑北村
18%
1954/09/20 岐阜県 本巣郡 船木村, 鷺田村, 川崎村 本巣郡 巣南村 1964年
18%
1955/01/15 養老郡 牧田村, 一之瀬村, 多良村, 時村 養老郡 上石津村 1969年
18%
1955/04/01 山県郡武儀郡 北山村, 葛原村, 谷合村, 北武芸村, 富波村, 西武芸村乾村 山県郡 美山村 1964年
18%
安八郡 名森村, 結村, 牧村 安八郡 安八村 1960年
18%
1956/04/01 山県郡 春近村, 山県村, 厳美村の一部 山県郡 三輪村
18%
1955/03/31 静岡県 磐田郡 幸浦村, 東浅羽村, 西浅羽村, 上浅羽村 磐田郡 浅羽村 1956年
18%
1955/04/01 磐田郡 広瀬村, 野部村, 敷地村 磐田郡 豊岡村
18%
1955/04/01 度会郡 小川郷村, 内城田村, 一之瀬村, 中川村 度会郡 度会村 1968年
18%
1931/10/01 京都府 相楽郡 狛田村, 祝園村, 稲田村 相楽郡 川西村
18%
1956/09/30 山辺郡添上郡 波多野村, 豊原村 東山村 山辺郡 山添村
18%
1941/08/01 那賀郡 上府村, 下府村, 国分村 那賀郡 国府村 1951年
18%
1952/11/03 能義郡 安田村, 母里村, 井尻村 能義郡 伯太村 1956年
18%
1955/02/01 美濃郡 道川村, 匹見上村, 匹見下村 美濃郡 匹見村 1956年
18%
1955/04/15 簸川郡 荘原村, 出西村, 伊波野村, 直江村, 久木村, 出東村 簸川郡 斐川村 1965年
18%
1956/01/10 八束郡 大芦村, 加賀村, 野波村 八束郡 島根村 1969年
18%
1956/08/01 那賀郡 雲城村, 今福村, 波佐村 那賀郡 金城村 1969年
18%
三豊郡 大見村, 吉津村, 下高瀬村 三豊郡 三野村 1961年
18%
1943/04/29 愛媛県 喜多郡 河辺村, 宇和川村, 大谷村 喜多郡 肱川村 1959年
18%
1958/04/01 北宇和郡 下波村, 蔣淵村, 戸島村, 日振島村, 遊子村 北宇和郡 宇和海村
18%
1943/04/29 幡多郡 田ノ口村, 入野村, 七郷村 幡多郡 大方村 1943年
18%
1954/07/20 安芸郡 和食村, 馬ノ上村, 西分村 安芸郡 芸西村
18%
1954/10/15 高岡郡 日下村, 能津村, 加茂村の一部 高岡郡 日高村
18%
1955/03/31 土佐郡長岡郡 森村, 地蔵寺村田井村 土佐郡 土佐村 1970年
18%
長岡郡 東豊永村, 西豊永村, 大杉村, 天坪村 長岡郡 大豊村 1972年
18%
1926/04/01 長崎県 北松浦郡 笛吹村, 前方村, 柳村 北松浦郡 小値賀村 1940年
18%
玉名郡 神尾村, 緑村, 春富村 玉名郡 三加和村 1968年
18%
菊池郡上益城郡 津田村, 原水村白水村 菊池郡 菊陽村 1969年
18%
天草郡 今津村, 阿村, 教良木河内村 天草郡 松島村 1956年
18%
1956/09/30 飽託郡 中緑村, 銭塘村, 内田村, 奥古閑村, 海路口村, 川口村 飽託郡 天明村 1971年
18%
下毛郡 三郷村, 溝部村, 槻木村 下毛郡 山国村 1958年
18%
宇佐郡 駅館村, 豊川村, 西馬城村 宇佐郡 駅川村 1955年
18%
1955/02/01 大分郡 稙田村, 東稙田村, 賀来村 大分郡 大分村 1957年
18%
1955/03/31 日田郡 五馬村, 中川村, 馬原村 日田郡 栄村 1966年
18%
1923/04/01 福島県 河沼郡 塔寺村, 気多宮村, 新舘村, 船杉村, 坂本村 河沼郡 八幡村
9%
1955/03/31 安積郡 月形村, 中野村, 三代村, 福良村, 赤津村 安積郡 湖南村
9%
1954/11/03 比企郡 中山村, 伊草村, 三保谷村, 出丸村, 八ツ保村, 小見野村 比企郡 川島村 1972年
9%
1921/04/01 西多摩郡 菅生村, 瀬戸岡村, 原小宮村, 草花村 西多摩郡 多西村
9%
1949/07/01 新潟県 刈羽郡 中里村, 横沢村, 武石村, 七日町村 刈羽郡 小国村 1956年
9%
1955/04/01 東蒲原郡 両鹿瀬村, 日出谷村, 豊実村 東蒲原郡 鹿実谷村 1956年
9%
1954/03/10 中巨摩郡 三恵村, 鏡中条村, 藤田村 中巨摩郡 若草村 1959年
9%
1954/06/01 北巨摩郡 安都玉村, 安都那村, 熱見村, 甲村 北巨摩郡 高根村 1962年
9%
1955/01/15 北佐久郡 中津村, 五郎兵衛新田村, 南御牧村 北佐久郡 浅科村
9%
1955/04/01 下伊那郡 和田村, 八重河内村, 南和田村 下伊那郡 遠山村
9%
1956/09/30 下伊那郡 会地村, 智里村, 伍和村 下伊那郡 阿智村
9%
武儀郡 下之保村, 中之保村, 富之保村 武儀郡 武儀村 1971年
9%
1954/11/03 員弁郡 大長村, 稲部村, 神田村 員弁郡 東員村 1967年
9%
1955/03/15 一志郡 竹原村, 八知村, 太郎生村, 伊勢地村, 八幡村, 多気村, 下之川村 一志郡 美杉村
9%
1955/03/21 一志郡 米ノ庄村, 天白村, 鵲村, 小野江村 一志郡 三雲村 1986年
9%
1955/04/13 阿山郡 山田村, 布引村, 阿波村 阿山郡 大山田村
9%
1943/04/01 滋賀県 神崎郡愛知郡 山上村東小椋村, 高野村 神崎郡 永源寺村
9%
1933/02/01 竹野郡 溝谷村, 吉野村, 鳥取村, 深田村 竹野郡 弥栄村
9%
1955/01/01 兵庫県 多紀郡 南河内村, 北河内村, 草山村 多紀郡 西紀村 1960年
9%
1955/04/10 多紀郡 日置村, 後川村, 雲部村 多紀郡 城東村 1960年
9%
1955/04/15 多紀郡 福住村, 大芋村, 村雲村 多紀郡 多紀村 1960年
9%
1958/03/01 吉野郡 小川村, 四郷村, 高見村 吉野郡 東吉野村
9%
1917/12/01 鳥取県 東伯郡 西志村, 福米村, 東志村 東伯郡 高城村
9%
1940/12/12 東伯郡 逢束村, 市勢村, 伊勢崎村 東伯郡 浦安村 1942年
9%
1951/04/01 八束郡 岩坂村, 熊野村, 大庭村の一部 八束郡 八雲村
9%
1954/04/01 美濃郡 東仙道村, 都茂村, 二川村 美濃郡 美都村 1957年
9%
邑智郡 長谷村, 市山村, 川戸村, 谷住郷村, 川越村 邑智郡 桜江村 1956年
9%
1932/04/01 岡山県 御津郡吉備郡 加茂村, 福山村菅谷村 御津郡 津賀村
9%
甲奴郡 五箇村, 黒目村, 亀谷村, 上領家村, 中領家村 甲奴郡 領家村
9%
1913/07/01 芦品郡 倉光村, 中島村, 江良村, 坊寺村, 万能倉村 芦品郡 駅家村 1947年
9%
1951/04/01 豊田郡 下北方村, 上北方村, 善入寺村 豊田郡 北方村
9%
1954/04/01 香川県 綾歌郡 枌所村, 山田村, 西分村, 羽床上村 綾歌郡 綾上村 1962年
9%
1955/03/31 三豊郡 桑山村, 比地大村, 笠田村, 上高野村, 本山村 三豊郡 豊中村 1957年
9%
1955/03/31 上浮穴郡 仕七川村, 弘形村, 中津村の一部 上浮穴郡 美川村
9%
1942/07/01 香美郡 田村, 立田村, 三島村 香美郡 日章村
9%
1956/06/01 吾川郡 小川村, 清水村, 下八川村, 上八川村 吾川郡 吾北村
9%
吾川郡 平和村, 西分村, 仁西村, 森山村, 弘岡上ノ村, 弘岡中ノ村, 弘岡下ノ村 吾川郡 春野村 1969年
9%
1955/02/11 西彼杵郡 伊木力村, 大草村, 喜々津村 西彼杵郡 多良見村 1965年
9%
1954/04/01 八代郡 和鹿島村, 吉野村, 野津村 八代郡 竜北村 1974年
9%
球磨郡 渡村, 一勝地村, 神瀬村 球磨郡 球磨村
9%
1954/07/01 天草郡 高戸村, 樋島村, 大道村 天草郡 龍ヶ岳村 1959年
9%
1954/11/01 菊池郡 砦村, 加茂川村, 清泉村 菊池郡 七城村 1968年
9%
天草郡 宮地村, 中田村, 碇石村, 大多尾村 天草郡 新和村 1961年
9%
1955/01/30 飽託郡 供合村, 広畑村, 小山戸島村 飽託郡 託麻村 1970年
9%
飽託郡 八分字村, 藤富村, 並建村, 白石村, 浜田村, 畠口村 飽託郡 飽田村 1971年
9%
玉名郡 大野村, 高道村, 睦合村, 鍋村 玉名郡 岱明村 1965年
9%
1955/07/01 鹿本郡 千田村, 米野岳村, 山内村 鹿本郡 鹿央村 1965年
9%
球磨郡 西村, 一武村, 木上村 球磨郡 錦村 1965年
9%
天草郡 宮田村, 棚底村, 浦村 天草郡 倉岳村 1960年
9%
1956/06/01 天草郡 楠甫村, 大浦村, 須子村, 赤崎村, 上津浦村, 下津浦村, 島子村 天草郡 有明村 1958年
9%
南海部郡 西中浦村, 中浦村, 東中浦村 南海部郡 鶴見村 1961年
9%
1955/02/11 栃木県 下都賀郡 穂積村, 豊田村, 中村 下都賀郡 美田村
0%
1913/04/11 埼玉県 北足立郡 膝子村, 東宮下村, 大谷村, 新堤村, 猿ヶ谷戸村, 風渡野村, 東門前村 北足立郡 七里村
0%
1913/04/01 神奈川県 足柄下郡 石橋村, 米神村, 根府川村, 江ノ浦村 足柄下郡 片浦村
0%
1946/06/01 愛甲郡 三田村, 棚沢村, 下川入村, 妻田村, 及川村, 林村 愛甲郡 睦合村
0%
1956/09/30 刈羽郡 上条村, 野田村, 鵜川村 刈羽郡 黒姫村
0%
1955/04/01 富山県 上新川郡 月岡村, 熊野村, 新保村 上新川郡 富南村
0%
1954/03/31 吉田郡 志比谷村, 下志比村, 浄法寺村 吉田郡 志比村 1962年
0%
1933/07/01 山梨県 南巨摩郡 八日市場村, 伊沼村, 飯富村 南巨摩郡 原村
0%
1941/01/01 東山梨郡 小佐手村, 山村, 休息村, 綿塚村 東山梨郡 東雲村
0%
東八代郡 上曽根村, 下曽根村, 白井河原村 東八代郡 柏村
0%
1942/07/01 西八代郡 豊和村, 八之尻村, 羽鹿島村 西八代郡 大同村
0%
1955/01/01 更級郡 稲里村, 真島村, 小島田村, 青木島村 更級郡 更北村
0%
1931/04/01 大阪府 中河内郡 西六郷村, 北江村, 東六郷村 中河内郡 盾津村 1943年
0%
1923/02/11 島根県 那賀郡 久佐村, 美又村, 伊南村の一部 那賀郡 今福村
0%
1950/12/20 簸川郡 田岐村, 久村, 窪田村の一部 簸川郡 岐久村
0%
那賀郡邇摩郡 都治村, 黒松村波積村 那賀郡 江東村
0%
1929/04/01 高田郡 坂村, 長田村, 戸島村 高田郡 向原村 1937年
0%
1938/10/01 深安郡 中津原村, 森脇村, 下岩成村, 上岩成村 深安郡 御幸村
0%
1941/02/11 深安郡 八尋村, 上竹田村, 下竹田村 深安郡 竹尋村
0%
1954/03/31 東宇和郡 遊子川村, 土居村, 高川村, 魚成村 東宇和郡 黒瀬川村 1959年
0%
1942/04/01 高知県 香美郡 山南村, 徳王子村, 富家村, 香宗村 香美郡 大忍村
0%
1954/06/01 吾川郡 諸木村, 秋山村, 芳原村 吾川郡 平和村
0%
1956/09/30 長岡郡香美郡 大篠村, 三和村, 稲生村, 十市村日章村, 前浜村 長岡郡 香長村
0%
1923/11/01 熊本県 八代郡 南種山村, 北種山村, 小浦村 八代郡 種山村
0%
1951/04/01 大分県 下毛郡 津民村, 山移村, 下郷村 下毛郡 中耶馬溪村
0%
No matching quizzes found
Score Distribution
Percent of People with Each Score
Percentile by Number Answered
Your Score History
You have not taken this quiz